| 000 | 00684nam a2200169 i 4500 | ||
|---|---|---|---|
| 001 | 130297 | ||
| 003 | ES-MaACL | ||
| 005 | 20230906193712.0 | ||
| 007 | t| | ||
| 008 | 070725s1928 sp ||||1| spa d | ||
| 245 | 0 | 3 |
_aEl Sol _b: texto de un número de doce páginas (1 de julio de 1928). |
| 260 |
_aMadrid : _b[s.n., _c1928] ( _fTalleres de Espasa Calpe) |
||
| 300 |
_a390 p., [10] p. de fot. ; _c20 cm. |
||
| 500 | _aReproducción textual del número de doce páginas que publicó el diario El Sol el día 1 de julio de 1928, acompañada de un texto sobre el periódico y fotografías de la Redacción. | ||
| 630 | 3 | 7 |
_aEl Sol (Madrid, 1917) _9135285 |
| 852 |
_aES-MaACL _jF-13471 |
||
| 999 |
_c130297 _d130297 |
||